000 01121nac a22003497a 4500
001 BR8007675
003 BR-BrBNA
005 20240105114848.0
008 230509b bl.|||m| |||| 00| 0 por d
040 _aBR-BrBNA
_bpor
_cBiblioteca Nacional de Agricultura
072 _aF01; L01; E70
090 _aF01 BR8007675
110 1 _aFundacao de Economia e Estatistica, Porto Alegre, RS (Brasil)
_94853
245 1 _aAnuario estatistico do Rio Grande do Sul - 1979. Aspectos economicos, aspectos de infra-estrutura, aspectos da administracao publica
260 3 _aPorto Alegre, RS (Brasil):
_c1980.
300 _a607 p.
490 _aAnuario Estatistico do Rio Grande do Sul (Brazil)
_vv. 12(2)
_x
500 _aNumerical data
650 _aPRODUCAO VEGETAL
650 _aINDUSTRIA
650 _aCOMERCIO
650 _aPECUARIA
650 _aAVICULTURA
650 _aPRODUCAO ANIMAL
650 _aMERCADO
650 _aARMAZENAGEM
650 _aABASTECIMENTO
650 _aENERGIA ELETRICA
650 _aRIO GRANDE DO SUL
909 _a202312
_bLúcia Elande
_c55
_dLúcia Elande
942 _2AGRIS
_n0
_cMS
999 _c271730
_d271730